<?xml version="1.0" encoding="UTF-8"?>
<record
    xmlns:xsi="http://www.w3.org/2001/XMLSchema-instance"
    xsi:schemaLocation="http://www.loc.gov/MARC21/slim http://www.loc.gov/standards/marcxml/schema/MARC21slim.xsd"
    xmlns="http://www.loc.gov/MARC21/slim">

  <leader>00797nam a22002417a 4500</leader>
  <controlfield tag="005">20260520091406.0</controlfield>
  <controlfield tag="008">260520b        |||||||| |||| 00| 0 eng d</controlfield>
  <datafield tag="017" ind1=" " ind2=" ">
    <subfield code="a">LD.8270</subfield>
  </datafield>
  <datafield tag="018" ind1=" " ind2=" ">
    <subfield code="a">2025</subfield>
  </datafield>
  <datafield tag="020" ind1=" " ind2=" ">
    <subfield code="a">9789786971766</subfield>
  </datafield>
  <datafield tag="040" ind1=" " ind2=" ">
    <subfield code="a">NLN</subfield>
    <subfield code="b">English</subfield>
    <subfield code="e">AACR2</subfield>
  </datafield>
  <datafield tag="050" ind1=" " ind2=" ">
    <subfield code="a">DT515.83.A819</subfield>
    <subfield code="b">A3</subfield>
  </datafield>
  <datafield tag="082" ind1=" " ind2=" ">
    <subfield code="a">923.2669</subfield>
  </datafield>
  <datafield tag="100" ind1=" " ind2=" ">
    <subfield code="a">ASHAFA, Bareehu G.</subfield>
    <subfield code="e">aut</subfield>
    <subfield code="9">70562</subfield>
  </datafield>
  <datafield tag="245" ind1=" " ind2=" ">
    <subfield code="a">Truly distinguished :</subfield>
    <subfield code="b">a life of service to God, country and humanity /</subfield>
    <subfield code="c">Gbenga Bareehu Ashafa</subfield>
  </datafield>
  <datafield tag="260" ind1=" " ind2=" ">
    <subfield code="a">Ikoyi, Lagos (36 Turnbull Road/Onikoyi Lane Parkview) :</subfield>
    <subfield code="b">Avalon,</subfield>
    <subfield code="c">2025</subfield>
  </datafield>
  <datafield tag="300" ind1=" " ind2=" ">
    <subfield code="a">xv, 395p. :</subfield>
    <subfield code="b">ill. (some col.), ports ; 22cm</subfield>
  </datafield>
  <datafield tag="563" ind1=" " ind2=" ">
    <subfield code="a">(hbk)</subfield>
  </datafield>
  <datafield tag="650" ind1=" " ind2=" ">
    <subfield code="a">Ashafa, Bareehu Gbenga, 1955-</subfield>
    <subfield code="9">70563</subfield>
  </datafield>
  <datafield tag="650" ind1=" " ind2=" ">
    <subfield code="a">Politicians</subfield>
    <subfield code="v">Nigeria </subfield>
    <subfield code="x">Biography</subfield>
    <subfield code="9">6478</subfield>
  </datafield>
  <datafield tag="650" ind1=" " ind2=" ">
    <subfield code="a">Reminiscing</subfield>
    <subfield code="9">135</subfield>
  </datafield>
  <datafield tag="942" ind1=" " ind2=" ">
    <subfield code="c">BK</subfield>
    <subfield code="n">0</subfield>
  </datafield>
  <datafield tag="999" ind1=" " ind2=" ">
    <subfield code="c">34650</subfield>
    <subfield code="d">34650</subfield>
  </datafield>
  <datafield tag="952" ind1=" " ind2=" ">
    <subfield code="0">0</subfield>
    <subfield code="1">0</subfield>
    <subfield code="2">lcc</subfield>
    <subfield code="4">0</subfield>
    <subfield code="7">0</subfield>
    <subfield code="a">ABJ</subfield>
    <subfield code="b">MAIN</subfield>
    <subfield code="d">2026-05-20</subfield>
    <subfield code="e">Legal deposit</subfield>
    <subfield code="i">467340</subfield>
    <subfield code="l">0</subfield>
    <subfield code="o">DT515.83.A819 A3</subfield>
    <subfield code="p">467340</subfield>
    <subfield code="r">2026-05-20 09:15:26</subfield>
    <subfield code="t">1</subfield>
    <subfield code="w">2026-05-20</subfield>
    <subfield code="y">BK</subfield>
  </datafield>
  <datafield tag="952" ind1=" " ind2=" ">
    <subfield code="0">0</subfield>
    <subfield code="1">0</subfield>
    <subfield code="2">lcc</subfield>
    <subfield code="4">0</subfield>
    <subfield code="7">0</subfield>
    <subfield code="a">GUS</subfield>
    <subfield code="b">MAIN</subfield>
    <subfield code="d">2026-05-20</subfield>
    <subfield code="e">Legal deposit</subfield>
    <subfield code="i">467341</subfield>
    <subfield code="l">0</subfield>
    <subfield code="o">DT515.83.A819 A3</subfield>
    <subfield code="p">467341</subfield>
    <subfield code="r">2026-05-20 09:15:59</subfield>
    <subfield code="t">1</subfield>
    <subfield code="w">2026-05-20</subfield>
    <subfield code="y">BK</subfield>
  </datafield>
  <datafield tag="952" ind1=" " ind2=" ">
    <subfield code="0">0</subfield>
    <subfield code="1">0</subfield>
    <subfield code="2">lcc</subfield>
    <subfield code="4">0</subfield>
    <subfield code="7">0</subfield>
    <subfield code="a">KEB</subfield>
    <subfield code="b">MAIN</subfield>
    <subfield code="d">2026-05-20</subfield>
    <subfield code="e">Legal deposit</subfield>
    <subfield code="i">467342</subfield>
    <subfield code="l">0</subfield>
    <subfield code="o">DT515.83.A819 A3</subfield>
    <subfield code="p">467342</subfield>
    <subfield code="r">2026-05-20 09:16:31</subfield>
    <subfield code="t">1</subfield>
    <subfield code="w">2026-05-20</subfield>
    <subfield code="y">BK</subfield>
  </datafield>
</record>
